İktisaden geri kalmış ülkelerde nüfus sorunları (Record no. 454)

MARC details
000 -BAŞLIK
Sabit Uzunlukta Kontrol Alanı 00835na a2200289 4500
001 - KONTROL NUMARASI
Denetim Alanı 13159
003 - KONTROL NUMARASI IDENTIFIER
Denetim Alanı MIRAKIL
005 - SON İŞLEM TARİHİ VE ZAMANI
Denetim Alanı 20181213154749.0
008 - SABİT-BOY VERİ ELEMANLARI - GENEL BİLGİLER
Sabit Uzunlukta Kontrol Alanı 160929b tu 000 0
020 ## - ULUSLARARASI STANDART KİTAP NUMARASI
Uluslararası Standart Kitap Numarası 9758094564
035 ## - SİSTEM KONTROL NUMARASI
Sistem Kontrol Numarası 13159
040 ## - KATALOGLAMA KAYNAK
Orijinal Kataloglama Ajansı Milas
Kataloglama Dili tur
Metne Dönüştürmek Ajansı TR-AnCHP
082 ## - DEWEY ONLU SINIFLANDIRMA NUMARASI
Sınıflandırma Numarası 363.9
Ürün Numarası K25i 1998
090 ## - SINIFLAMA NUMARASI
Sınıflama Numarası 363.9 K25i 1998
100 ## - ANA GİRİŞ - KİŞİSEL İSİM
Kişisel Ad Kanbolat, Yahya
245 ## - BAŞLIK TABLOSU
Başlık İktisaden geri kalmış ülkelerde nüfus sorunları
Sorumluluk Tablosu, Vb Yahya Kanbolat
246 ## - UNVAN FORM VARYING
Başlık Doğru / Kısa Başlığı Nüfus sorunları
260 ## - YAYIN, DAĞITIM, VB
Yayın, Dağıtım, Vb Yeri Ankara
Yayıncı, Dağıtıcı, Vs Adı Güldikeni Yayınları
Yayın, Dağıtım, Vb Tarihi 1998
300 ## - FİZİKSEL TANIM
Kapsam 197 s.
Boyutlar 20 sm.
490 ## - SERİSİ TABLOSU
Seri Beyanı Araştırma-İnceleme Dizisi
Hacim / Ardışık Tanımı 6
490 ## - SERİSİ TABLOSU
Seri Beyanı Güldikeni Yayınları
Hacim / Ardışık Tanımı 57
504 ## - KAYNAKÇA VB NOT
Kaynakça Vb Notu Kaynakça var.
650 ## - KONU KATMA GİRİŞ - TOPİKAL DÖNEM
Topikal Süreli Veya Coğrafi Ad Giriş Elemanı Nüfus
Genel Alt Bölümü Az gelişmiş bölgeler
650 ## - KONU KATMA GİRİŞ - TOPİKAL DÖNEM
Topikal Süreli Veya Coğrafi Ad Giriş Elemanı Nüfus
Genel Alt Bölümü Ekonomik yönler
650 ## - KONU KATMA GİRİŞ - TOPİKAL DÖNEM
Topikal Süreli Veya Coğrafi Ad Giriş Elemanı Nüfus araştırmaları
942 ## - EKLENDİ GİRİŞ ELEMANLARI (KOHA)
Sınıflandırma Veya Raf Düzeni Kaynak Dewey Decimal Classification
Koha Öğesi Türü Books
999 ## - SİSTEM KONTROL NUMARALARI (KOHA)
Koha Biblionumber 454
Koha Biblioitemnumber 454
Holdings
Kalıcı Konum Mevcut Konum Edinme Tarihi Edinim Kaynak Seri Numaralandırma / Kronolojik Toplam Check-Out'Lar Tam Çağrı Numarası Barkod Tarih Son Görülme İtibaren Geçerli Fiyatlar Koha Öğesi Türü
CHP Kütüphanesi CHP Kütüphanesi 08/09/2016 Bağış c.2   363.9 K25i 1998 000679 08/09/2016 08/09/2016 Books